Personnages de Brawl Star 2025 - Statistiques

Statistiques générales
  • Ce quiz a été pris 767 fois
  • Le résultat moyen est 37 sur 86
Statistiques - réponses
Réponse % Correct
Shelly
91%
Colt
87%
Bull
76%
Nita
76%
Rosa
76%
El Costo
75%
Léon
75%
Bartaba
71%
Spike
71%
Corbac
70%
Poco
67%
Brock
65%
Mortis
63%
Jessie
62%
Kenji
60%
Ricochet
59%
Franck
58%
Edgar
57%
Polly
57%
Kit
56%
Bo
55%
Surge
55%
Ambre
54%
Darryl
54%
Dynamike
54%
Penny
53%
Carl
51%
Jacky
51%
Meg
51%
Tick
51%
Chester
48%
Draco
48%
Émeri
48%
Gus
47%
Tara
47%
Pam
46%
Eliz@
45%
A.R.K.A.D
44%
Buzz
43%
Hank
42%
Billie
41%
Cordelius
41%
Mandy
41%
Stu
39%
Shade
38%
Béa
36%
Gaël
35%
Maisie
35%
Berry
34%
Lily
34%
Max
34%
Byron
33%
Fang
33%
Griff
33%
Belle
32%
Colette
32%
D’jinn
32%
Lola
32%
Melody
32%
Angelo
30%
Janet
30%
Juju
30%
Nani
30%
Sam
30%
Wally
30%
Bonnie
29%
Lou
29%
Buster
28%
Grom
28%
Médor
28%
Ash
27%
Mico
27%
Moe
26%
Monsieur M.
26%
Charlie
25%
Chuck
25%
Gray
25%
Pearl
25%
Doug
24%
Eve
24%
Otis
24%
R-T
24%
Larry & Lawrie
23%
Squeak
23%
Willow
22%
Clancy
20%
Aucun quiz correspondant
Distribution des résultats
% des personnes avec chaque résultat
Percentile par nombre de réponses
Votre historique - résultats
Vous n’avez pas pris ce quiz